| 000 | 01099naa a22002297i 4500 | ||
|---|---|---|---|
| 003 | KOSZ 005 | ||
| 005 | 20180320111904.0 | ||
| 008 | 160308s2004 pl ||||| ||||1|| 0 eng | ||
| 035 | _aPBN-R:248936 | ||
| 040 |
_cKOSZ 005/md _aPBN-ID |
||
| 041 | 0 | _aeng | |
| 100 |
_aDUTKOWSKI, Krzysztof. _d1996 - . _bPolitechnika Koszalińska - Wydział Mechaniczny, _cKatedra Techniki Cieplnej i Chłodnictwa |
||
| 245 | 1 | 0 |
_aAnalysis of velocity fields and temperature in thermal diode channel / _cKrzysztof Dutkowski, Wiesław Szada-Borzyszkowski. |
| 260 | _c2004. | ||
| 650 | 0 | _aChapter in a book. | |
| 650 | 0 | _aRozdział w książce. | |
| 655 | 0 | _aMateriały konferencyjne. | |
| 700 | _aSZADA-BORZYSZKOWSKI, Wiesław. | ||
| 711 |
_aInternational Symposium on Heat Transfer and Renewable Sources of Energy _n(10 ; _d2004 ; _cSzczecin-Międzyzdroje, Polska). |
||
| 773 | 0 | 8 |
_iW : _tProceedings of the 10th International Symposium on Heat Transfer and Renewable Sources of Energy - _dSzczecin : Wydaw. Uczelniane Politechniki szczecińskiej, 2004. - _gs. 503-570 |
| 942 |
_cROZ _2UKD |
||
| 999 |
_c8348 _d8348 |
||